Largest Landlocked Countries - Statistics

General Stats
  • This quiz has been taken 35 times
  • The average score is 9 of 10
Answer Stats
square km Country % Correct
1,564,116 Mongolia
100%
1,284,000 Chad
97%
2,724,900 Kazakhstan
97%
1,098,581 Bolivia
94%
1,240,192 Mali
94%
1,267,000 Niger
91%
622,984 Central African Republic
85%
752,681 Zambia
82%
652,230 Afghanistan
79%
1,104,300 Ethiopia
76%
No matching quizzes found
Score Distribution
Percent of People with Each Score
Percentile by Number Answered
Your Score History
You have not taken this quiz